01237nkm a2200277 i 45000010005000000030009000050050017000140070006000310080041000371000024000782450101001022600029002033000039002325000035002715110140003065180125004466000036005716000043006076000032006506000030006826000042007126100064007547100022008188520026008408560093008663481ES-MaACL20250713062729.0khrbo051103s1985 sp --- g |001||spa d0 aAlfonso,d1902-199010aPresentación del libro "Ciudad del ave" de Octavio Uña [hFotografía] / cAlfonso (sello). a[S.l. : bs.n.], c1985. a7 fot. : bb. y n. ; c12 x 18 cm. aDatos basados en invitación.0 aIntervienen: Octavio Uña, Carlos Moya, José Mª Díez-Borque, Concha Zardoya, Alfonso Ramos de Castro, Cesar Navarro de Francisco. aActo organizado por el Ateneo de Madrid, celebrado en el salón de actos el viernes, 31 de mayo de 1985, a las 20:00 h.14aUña Juárez, Octavio,d1945-14aDíez Borque, José María, d1947-14aZardoya, Concha,d1914-200414aRamos de Castro, Alfonso.14aNavarro de Francisco, César,d1932-24aAteneo de Madrid-xActos culturales-y1985-vFotografías.2 aAteneo de Madrid. aES-MaACLjFOT 45/19854 uhttp://www.ateneodemadrid.net/biblioteca_digital/imagenes/1985/0045-1985.jpgzVer imagen